Making of Ajanta/ (Record no. 211951)

MARC details
000 -LEADER
fixed length control field 00570nam a22001937a 4500
005 - DATE AND TIME OF LATEST TRANSACTION
control field 20250625152425.0
010 ## - LCCN (DPL NO)
LC control number ENG-145549
020 ## - INTERNATIONAL STANDARD BOOK NUMBER
Terms of availability 2000.00
International Standard Book Number 9789357010238
035 ## - SYSTEM CONTROL NUMBER
System control number EN-129081
037 ## - SOURCE OF ACQUISITION
Source of stock number/acquisition DBAD
082 ## - DEWEY DECIMAL CLASSIFICATION NUMBER
Classification number 709.34
Edition number 1
100 ## - MAIN ENTRY--PERSONAL NAME
Personal name Kulkarni, Ravindra M.
245 ## - TITLE STATEMENT
Title Making of Ajanta/
Statement of responsibility, etc Ravindra M. Kulkarni
250 ## - EDITION STATEMENT
Edition statement 1
260 ## - PUBLICATION, DISTRIBUTION, ETC. (IMPRINT)
Place of publication, distribution, etc Pune
Name of publisher, distributor, etc Ravindra M. Kulkarni
Date of publication, distribution, etc 2022
270 ## - ADDRESS
City Pune
Address Uttam Enclave, Phase 1, S.No.155/5/7, Aundh
Postal code 411067
300 ## - PHYSICAL DESCRIPTION
Extent 74p.
Dimensions 21cm(hb)
Other physical details ill. col.
942 ## - ADDED ENTRY ELEMENTS (KOHA)
Source of classification or shelving scheme Dewey Decimal Classification
Item type English Books
Classification part 709.34
Call number suffix KUL
Edition 1
Holdings
Withdrawn status Lost status Not for loan Collection code Home library Current library Date acquired Source of acquisition Cost, normal purchase price Full call number Barcode Copy number Cost, replacement price Koha item type
      Reference Mobile Library Mobile Library 25/06/2025 Delivery of Books Act Division 2000.00 709.34 KUL EN-129081 1 2000.00 English Books

© Delhi Public Library
Hit Counter
free hit counter